000 00643nam a2200181Ia 4500
008 090123s9999 xx 000 0 und d
082 _b26954
_a891.463/साने
100 _aसाने भालचंद्र
245 _aघराणं प्रतिष्ठित हवं
250 _a1
260 _bआपलं प्रकाशन
300 _a135
600 _aसाने भालचंद्र
630 _aघराणं प्रतिष्ठित हवं
700 _aसाने भालचंद्र
730 _aघराणं प्रतिष्ठित हवं
942 _cBOOK
999 _c65075
_d65075